[Event "Belgrade Trophy 36th"]
[Site "Belgrade"]
[Date "2023.11.30"]
[Round "6"]
[White "Alimov, Fedor"]
[Black "Savic, Mihailo S"]
[Result "0-1"]
[WhiteElo "1467"]
[BlackElo "2157"]
[PlyCount "88"]
[EventDate "2023.11.25"]
[EventType "swiss"]
[EventRounds "9"]
[EventCountry "SRB"]
[SourceTitle "CB49_2023"]
[SourceDate "2023.12.06"]
[SourceVersion "1"]
[SourceVersionDate "2023.12.06"]
[SourceQuality "1"]

1. d4 e6 2. Bf4 f5 3. Nf3 Nf6 4. h3 Be7 5. e3 b6 6. Bd3 Bb7 7. 0-0 0-0 8. c4 Ne4 9. Nbd2 d6 10. Qc2 Nxd2 11. Nxd2 Nd7 12. Bh2 g6 13. f4 Bf6 14. Nf3 c5 15. e4 cxd4 16. exf5 exf5 17. b4 a5 18. a3 Bxf3 19. gxf3 Re8 20. Kg2 Qe7 21. Bg1 Nf8 22. Qd2 Qg7 23. Rfe1 Rxe1 24. Qxe1 Qa7 25. Rd1 axb4 26. axb4 Qa2+ 27. Kh1 Qb3 28. Bf1 Ra2 29. Rd3 Qb2 30. Rd1 Kg7 31. Rb1 Qc2 32. Rc1 Qb3 33. Qd1 Qb2 34. c5 dxc5 35. bxc5 bxc5 36. Rxc5 Ra1 37. Qd3 Ne6 38. Rb5 Qc1 39. Rb7+ Kh6 40. Rf7 Nxf4 41. Qc4 Qxf1 42. Qxf1 Rxf1 43. Rxf6 d3 44. Rd6 Ne2 0-1